[Event "Plzen Calliditas op"]
[Site "Plzen"]
[Date "2020.08.28"]
[Round "7"]
[White "Eret, Matous"]
[Black "Bullen, Alex"]
[Result "1-0"]
[WhiteElo "2195"]
[BlackElo "2116"]
[PlyCount "57"]
[EventDate "2020.08.23"]
[EventType "swiss"]
[EventRounds "9"]
[EventCountry "CZE"]
[SourceTitle "CBM 198 Extra"]
[Source "ChessBase"]
[SourceDate "2020.11.30"]
[SourceVersion "1"]
[SourceVersionDate "2020.11.30"]
[SourceQuality "1"]

1. f4 g6 2. Nf3 d5 3. e3 Bg7 4. c4 c6 5. d4 Nf6 6. Nc3 0-0 7. Bd3 Bf5 8. Bxf5 gxf5 9. h3 e6 10. g4 Ne4 11. gxf5 Ng3 12. Rg1 Nxf5 13. cxd5 cxd5 14. Bd2 Nc6 15. Qe2 Rc8 16. 0-0-0 Na5 17. Kb1 Nc4 18. Bc1 Qb6 19. Ka1 Na3 20. Qd3 Nc4 21. Nxd5 Qb5 22. Nc3 Qb4 23. e4 Nfd6 24. Rg2 Kh8 25. Rdg1 Bh6 26. d5 exd5 27. Qd4+ f6 28. f5 Bxc1 29. Rg8+ 1-0

[Event "EU-ch Online U2300 Qual"]
[Site "Chess.com INT"]
[Date "2020.05.25"]
[Round "4"]
[White "Eret, Matous"]
[Black "Gadimbayli, Abdulla Azar"]
[Result "0-1"]
[WhiteElo "2166"]
[BlackElo "2470"]
[PlyCount "72"]
[EventDate "2020.05.25"]
[EventType "swiss"]
[EventRounds "8"]
[EventCountry "NET"]
[SourceTitle "EXT 2021"]
[Source "ChessBase"]
[SourceDate "2020.10.23"]
[SourceVersion "1"]
[SourceVersionDate "2020.10.23"]
[SourceQuality "1"]

1. Nf3 d5 2. d3 Nc6 3. Nbd2 e5 4. c4 Nf6 5. cxd5 Nxd5 6. a3 Be6 7. e3 Be7 8. Be2 0-0 9. 0-0 a5 10. Qc2 f5 11. b3 Bf6 12. Bb2 Qe7 13. Rac1 Rad8 14. Rfd1 g5 15. Nc4 Bf7 16. d4 exd4 17. exd4 Nf4 18. Bf1 Bd5 19. Nfe5 Be4 20. Nxc6 bxc6 21. Qd2 Ne6 22. Nxa5 Nxd4 23. Qe3 f4 24. Bc4+ Kh8 25. Qe1 Rfe8 26. h3 Qg7 27. Nb7 Bg6 28. Nxd8 Rxe1+ 29. Rxe1 Bxd8 30. Rcd1 Bf6 31. a4 h5 32. a5 g4 33. hxg4 hxg4 34. a6 Nf3+ 35. gxf3 gxf3 36. Rd8+ Be8+ 0-1

[Event "EU-ch Online U2300 Qual"]
[Site "Chess.com INT"]
[Date "2020.05.25"]
[Round "2"]
[White "Eret, Matous"]
[Black "Krallis, Christos"]
[Result "1-0"]
[WhiteElo "2166"]
[BlackElo "2284"]
[PlyCount "141"]
[EventDate "2020.05.25"]
[EventType "swiss"]
[EventRounds "8"]
[EventCountry "NET"]
[SourceTitle "EXT 2021"]
[Source "ChessBase"]
[SourceDate "2020.10.23"]
[SourceVersion "1"]
[SourceVersionDate "2020.10.23"]
[SourceQuality "1"]

1. Nf3 c5 2. g3 Nc6 3. d3 g6 4. Bg2 Bg7 5. c4 e5 6. Nc3 Nge7 7. a3 0-0 8. Bd2 d6 9. Qc1 Bg4 10. e3 Qd7 11. h3 Bf5 12. e4 Be6 13. Nd5 f5 14. Ng5 Bxd5 15. cxd5 Nd4 16. Qd1 Bh6 17. h4 Qb5 18. Bc3 Bxg5 19. hxg5 fxe4 20. Bxe4 Rf7 21. 0-0 Raf8 22. Qg4 Nef5 23. b4 cxb4 24. axb4 a6 25. Kh2 Qd7 26. Kg1 Nxg3 27. Qxd7 Nge2+ 28. Kh2 Rxd7 29. Bxd4 Nxd4 30. Rac1 Nf3+ 31. Kg3 Nxg5 32. Bg2 Kg7 33. Rc4 Nf7 34. Rfc1 Nh6 35. Rc7 Nf5+ 36. Kh2 Rxc7 37. Rxc7+ Rf7 38. Rc8 Nd4 39. Rd8 Nb5 40. Kg3 Rf8 41. Rd7+ Rf7 42. Rd8 h5 43. Bh3 g5 44. Be6 Rf8 45. Rd7+ Kg6 46. Rxb7 h4+ 47. Kg2 Nd4 48. Bg4 Nf5 49. Rb6 Nh6 50. Rxd6+ Rf6 51. Be6 g4 52. Rxa6 h3+ 53. Kg3 Rf3+ 54. Kh2 Rxf2+ 55. Kg1 Rg2+ 56. Kf1 Kg5 57. d6 g3 58. Bxh3 Rf2+ 59. Kg1 Rf8 60. d7 Nf7 61. Kg2 Kh4 62. Rg6 Nd8 63. Rg4+ Kh5 64. Rxg3 Nc6 65. b5 Nd4 66. b6 Ne2 67. Bg4+ Kh4 68. Bxe2 e4 69. Rg4+ Kh5 70. Rf4+ Kg5 71. Rxf8 1-0

[Event "EU-ch Online U2300 Qual"]
[Site "Chess.com INT"]
[Date "2020.05.25"]
[Round "1"]
[White "Iustin, Silviu"]
[Black "Eret, Matous"]
[Result "0-1"]
[WhiteElo "1998"]
[BlackElo "2166"]
[PlyCount "124"]
[EventDate "2020.05.25"]
[EventType "swiss"]
[EventRounds "8"]
[EventCountry "NET"]
[SourceTitle "EXT 2021"]
[Source "ChessBase"]
[SourceDate "2020.10.23"]
[SourceVersion "1"]
[SourceVersionDate "2020.10.23"]
[SourceQuality "1"]

1. e4 c5 2. Nc3 e6 3. g3 g6 4. Bg2 Bg7 5. b3 Ne7 6. Bb2 d6 7. Nf3 Nbc6 8. 0-0 0-0 9. Na4 e5 10. Nc3 a6 11. Ne2 h6 12. c3 f5 13. exf5 Nxf5 14. d4 cxd4 15. cxd4 e4 16. Nd2 e3 17. Nc4 exf2+ 18. Rxf2 d5 19. Ne5 Ne3 20. Rxf8+ Qxf8 21. Qd2 Nxg2 22. Kxg2 Bf5 23. Rf1 Qd6 24. Rxf5 gxf5 25. Qf4 Qe6 26. Nc1 Nxe5 27. dxe5 Rc8 28. Nd3 Rc2+ 29. Kg1 d4 30. Qxd4 Qc6 31. Nf2 Qf3 32. b4 Re2 33. Bc3 Rxf2 34. Qxf2 Qxc3 35. Qxf5 Qxe5 36. Qc8+ Bf8 37. Qxb7 Qa1+ 38. Kg2 Qxa2+ 39. Kh3 Qe6+ 40. Kg2 Be7 41. b5 Qe2+ 42. Kh3 axb5 43. Qd5+ Kg7 44. Qd4+ Bf6 45. Qd7+ Kg6 46. Qc8 Qh5+ 47. Kg2 Qd5+ 48. Kf2 Qf5+ 49. Qxf5+ Kxf5 50. Ke3 b4 51. h3 b3 52. Kd3 h5 53. Kd2 Be5 54. g4+ hxg4 55. hxg4+ Kxg4 56. Kc1 Kf3 57. Kd2 Ke4 58. Kc1 Kd3 59. Kb1 b2 60. Ka2 Kc2 61. Ka3 b1Q 62. Ka4 Qb6 0-1

[Event "CZE-chT U18 Extraliga West 1819"]
[Site "Czech Republic"]
[Date "2018.12.08"]
[Round "5.6"]
[White "Nemecek, Lukas"]
[Black "Eret, Matous"]
[Result "0-1"]
[WhiteElo "1756"]
[BlackElo "2182"]
[PlyCount "74"]
[EventDate "2018.10.05"]
[EventType "team-tourn"]
[EventRounds "11"]
[EventCountry "CZE"]
[SourceTitle "EXT 2023"]
[Source "ChessBase"]
[SourceDate "2022.10.05"]
[SourceVersion "1"]
[SourceVersionDate "2022.10.05"]
[SourceQuality "1"]
[WhiteTeam "Praha Porg (U18)"]
[BlackTeam "Klatovy (U18)"]
[WhiteTeamCountry "CZE"]
[BlackTeamCountry "CZE"]

1. e4 c5 2. Nc3 e6 3. g3 Nc6 4. Bg2 Nf6 5. d3 Be7 6. f4 d6 7. Nf3 0-0 8. 0-0 Rb8 9. h3 h6 10. Be3 d5 11. e5 d4 12. exf6 Bxf6 13. Ne4 dxe3 14. c3 e5 15. Qe2 exf4 16. gxf4 Bf5 17. Nxc5 Qd6 18. Qxe3 Be7 19. Ne4 Qg6 20. Kh2 Rfe8 21. Rae1 Qe6 22. Ng3 Bd6 23. Qxe6 Bxe6 24. Nd2 Bxa2 25. Rxe8+ Rxe8 26. Nge4 Bc7 27. b3 f5 28. Ng3 g5 29. Nh5 Re2 30. Rd1 Kf7 31. Kg1 Kg6 32. Ng3 Re3 33. Ndf1 Re7 34. fxg5 hxg5 35. Bd5 Na5 36. Ra1 Bxb3 37. Rxa5 Bxa5 0-1